000 00621cam a22002174a 4500
001 14829891
005 20250819122504.0
008 070501s2008 moua b 001 0 eng
020 _a9780323048538
040 _cPK-LaUMT
082 0 0 _a615.8515
_222
_bERG-
245 0 0 _aErgonomics for therapists /
_c[edited by] Karen Jacobs
250 _a3rd ed.
260 _aSt. Louis, Mo. :
_bMosby Elsevier,
_c2008
300 _axvi, 460 p. :
_bill. ;
_c24 cm.
650 0 _aOccupational therapy.
_94964
650 0 _aHuman engineering.
_96882
650 0 _aPhysical therapy.
700 1 _aJacobs, Karen,
_96883
942 _cBK
999 _c138239
_d138239